000 00646nam a2200241Ia 4500
003 OSt
005 20221007104714.0
006 a|||||r|||| 00| 0
007 ta
008 221006b |||||||| |||| 00| 0 eng d
024 _a16,579
037 _cTextual
040 _aLCO
_cLCO
_beng
041 _2eng
_aeng
082 _aZ2,5 Ob D535, L3
100 _aShubber Sami
_9706296
245 0 _aJurisdiction over Crimes on Board Aircraft
260 _aHague
_bMartinus Nijhoff Netherlands
_c1973
300 _a369
650 _aCRIME
942 _hZ2,5 Ob D535, L3
_cTEXL
999 _c1186142
_d1186142